| 000 | 00439cam a2200181ua 4500 | ||
|---|---|---|---|
| 001 | 3625 | ||
| 008 | 111126n ii |||gr||||Z||||||eng | ||
| 040 | _cMAIN | ||
| 082 | _a823 | ||
| 100 |
_aAusten, Jane, _eAuthor. |
||
| 245 | 1 | 1 |
_aPride and prejudice _cby Jane Austen |
| 250 | _a1st. | ||
| 260 |
_aLudhiana: _bKalyani Publishers,993. |
||
| 300 |
_a295p: _c23cm. |
||
| 653 | _aEnglish novel | ||
| 653 | _aPride and prejudice | ||
| 942 | _cBK | ||
| 999 |
_c3466 _d3466 |
||